Statistieken voor Landen die starten met een Z

Klik hier om de quiz te nemen!

Algemene statistieken

  • Deze quiz is 39 keer genomen
  • De gemiddelde score is 5 van 7

Antwoordstatistieken

Land% Correct
Zimbabwe
94%
Zambia
81%
Zwitserland
77%
Zuid-Afrika
74%
Zuid-Korea
74%
Zuid-Soedan
71%
Zweden
61%

Scoreverdeling

Percentiel versus Aantal Correcte Antwoorden

Procent van Mensen met Elke Score

Uw Scoregeschiedenis

U heeft deze quiz nog niet genomen